000 00215nam a2200097Ia 4500
008 240331s9999 xx 000 0 und d
082 _bRAN
100 _aRanaweera, E
245 0 _aEnding with the beginning
942 _cL
999 _c4348
_d4348